La consuetudine in diritto romano
Saved in:
| Hovedforfatter: | |
|---|---|
| Format: | Bog |
| Sprog: | italiensk |
| Udgivet: |
Nápoles
Casa Editrice Dott. Eugenio Jovene
1971
|
| Serier: | Pubblicazioni della Facoltà Giuridica dell'Università di Napoli
|
| Fag: | |
| Tags: |
Tilføj Tag
Ingen Tags, Vær først til at tagge denne postø!
|
MARC
| LEADER | 00000nam a2200000 a 4500 | ||
|---|---|---|---|
| 001 | UCR0311 | ||
| 003 | CL-VaPUC | ||
| 008 | 971129e19710000IT |||||||||||||||||ita|d | ||
| 082 | 0 | 4 | |a 340.54 |b BOV |2 21 |
| 100 | 0 | |a Bove, Lucio |e author |9 395813 | |
| 245 | 1 | 3 | |a La consuetudine in diritto romano |
| 300 | |a v | ||
| 942 | |c BK | ||
| 945 | |d 19971129 00:00:00 |a aolguin | ||
| 260 | |a Nápoles |b Casa Editrice Dott. Eugenio Jovene |c 1971 | ||
| 500 | |a v.1: Dalla repubblica all'età dei severi | ||
| 650 | 0 | |a Derecho romano |9 255930 | |
| 650 | 0 | |a Codificación |9 258568 | |
| 650 | 0 | |a Teoría del derecho |9 255982 | |
| 650 | 7 | |a FUENTES |2 CL-VaPUC |9 255666 | |
| 650 | 0 | |a Ordenamiento jurídico |9 355371 | |
| 583 | |a last modification |c 19971129 00:00:00 |k Rodrigo Vera | ||
| 490 | 0 | |a Pubblicazioni della Facoltà Giuridica dell'Università di Napoli | |
| 999 | |c 263855 |d 263853 | ||
| 952 | |0 0 |1 0 |4 0 |6 340_540000000000000_BOV_1971 |7 0 |8 DER_ROM |9 293340 |a BIBDER |b BIBDER |d 2019-11-19 |h v.1 |i 1898361 |l 1 |o 340.54 BOV 1971 |p 1898361 |r 2023-01-25 |s 2020-03-17 |w 2019-11-19 |x Ubicación 4to piso |y BK |z Este recurso debe solicitarse con anticipación |k DER | ||